Пикосекундная радиационно-индуцированная проводимость щелочногалоидных кристаллов с решеткой типа NaCl; Известия Томского политехнического университета [Известия ТПУ]; Т. 303, вып. 2 : Радиационная физика твердого тела и радиационные технологии

Dades bibliogràfiques
Parent link:Известия Томского политехнического университета [Известия ТПУ]/ Томский политехнический университет (ТПУ).— , 2000-
Т. 303, вып. 2 : Радиационная физика твердого тела и радиационные технологии.— 2000.— [С. 26-34]
Autor principal: Адуев Б. П.
Altres autors: Швайко А. Н., Фомченко В. М.
Sumari:Заглавие с титульного листа
Электронная версия печатной публикации
В работе исследована радиационно-индуцированная проводимость кристаллов KCl, KBr, NaCl при возбуждении пучками электронов (0,2 МэВ, 50 пс) в интервале плотностей возбуждения 100÷10000 А/см2 и температурном интервале 12÷300 К. Показано, что проводимость обладает пикосекундной инерционностью и связана с термализованными электронами, избежавшими рекомбинации в генетических электронно-дырочных парах. Время жизни и квазистационарная концентрация электронов в зоне проводимости контролируется тремя процессами: во-первых - захватом на дефекты структуры и предварительно накопленные стабильные радиационные дефекты; во-вторых - бимолекулярной рекомбинацией с дырками (Vk-центрами); в-третьих - захватом на нестабильные радиационные дефекты, которые генерируются в момент импульса возбуждения.
Idioma:rus
Publicat: 2000
Matèries:
Accés en línia:http://www.lib.tpu.ru/fulltext/v/Bulletin_TPU/2000/v303/i2/02.pdf
Format: MixedMaterials Electrònic Capítol de llibre
KOHA link:https://koha.lib.tpu.ru/cgi-bin/koha/opac-detail.pl?biblionumber=162816

MARC

LEADER 00000nla2a2200000 4500
001 162816
005 20231031160549.0
035 |a (RuTPU)RU\TPU\book\176603 
035 |a RU\TPU\book\176602 
090 |a 162816 
100 |a 20090628d2000 k y0rusy50 ca 
101 0 |a rus 
102 |a RU 
135 |a drnn ---uucaa 
181 0 |a i  
182 0 |a b 
200 1 |a Пикосекундная радиационно-индуцированная проводимость щелочногалоидных кристаллов с решеткой типа NaCl  |b Электронный ресурс  |f Б. П. Адуев, А. Н. Швайко, В. М. Фомченко 
203 |a Текст  |c электронный 
215 |a 1 файл (1.3 Мб) 
230 |a Электронные текстовые данные (1 файл : 1.3 Мб) 
300 |a Заглавие с титульного листа 
300 |a Электронная версия печатной публикации 
320 |a [Библиогр.: 34 (13 назв.)] 
330 |a В работе исследована радиационно-индуцированная проводимость кристаллов KCl, KBr, NaCl при возбуждении пучками электронов (0,2 МэВ, 50 пс) в интервале плотностей возбуждения 100÷10000 А/см2 и температурном интервале 12÷300 К. Показано, что проводимость обладает пикосекундной инерционностью и связана с термализованными электронами, избежавшими рекомбинации в генетических электронно-дырочных парах. Время жизни и квазистационарная концентрация электронов в зоне проводимости контролируется тремя процессами: во-первых - захватом на дефекты структуры и предварительно накопленные стабильные радиационные дефекты; во-вторых - бимолекулярной рекомбинацией с дырками (Vk-центрами); в-третьих - захватом на нестабильные радиационные дефекты, которые генерируются в момент импульса возбуждения. 
337 |a Adobe Reader 
461 1 |0 (RuTPU)RU\TPU\book\176237  |t Известия Томского политехнического университета [Известия ТПУ]  |f Томский политехнический университет (ТПУ)  |d 2000- 
463 1 |0 (RuTPU)RU\TPU\book\176374  |t Т. 303, вып. 2 : Радиационная физика твердого тела и радиационные технологии  |o тематический выпуск  |f под ред. В. М. Лисицына  |v [С. 26-34]  |d 2000  |p 225 с. 
610 1 |a щелочно-галоидные кристаллы 
610 1 |a радиационно-индуцированная проводимость 
610 1 |a пучки электронов 
610 1 |a пикосекундная инерционность 
610 1 |a электронно-дырочные пары 
610 1 |a электронный ресурс 
675 |a 62.001.5  |v 3 
700 1 |a Адуев  |b Б. П. 
701 1 |a Швайко  |b А. Н. 
701 1 |a Фомченко  |b В. М. 
801 1 |a RU  |b 63413507  |c 20090623  |g PSBO 
801 2 |a RU  |b 63413507  |c 20200825  |g PSBO 
856 4 |u http://www.lib.tpu.ru/fulltext/v/Bulletin_TPU/2000/v303/i2/02.pdf 
942 |c CF